[Event "Abe Yanofsky op"]
[Site "Winnipeg CAN"]
[Date "2010.09.05"]
[Round "5.5"]
[White "Boron, Anthony"]
[Black "Raihman, Igal"]
[Result "1-0"]
[WhiteElo "2000"]
[BlackElo "2020"]
[PlyCount "99"]
[EventDate "2010.09.03"]
[EventType "swiss"]
[EventRounds "5"]
[EventCountry "CAN"]

1. d4 d5 2. c4 e6 3. Nc3 Nf6 4. Bg5 Be7 5. cxd5 exd5 6. Qc2 b6 7. e3 Nbd7 8.
Bd3 Bb7 9. Nge2 c5 10. O-O O-O 11. Ng3 h6 12. Bf4 g5 13. Be5 Re8 14. Nf5 Bf8
15. Bd6 Re6 16. Bxf8 Qxf8 17. Nb5 Rc6 18. Qd2 c4 19. Bc2 a6 20. Nc3 b5 21. a3
a5 22. Nxb5 Rb6 23. a4 Bc6 24. Rfb1 Bxb5 25. axb5 Rxb5 26. Ba4 Rb4 27. Bxd7
Nxd7 28. h4 Nf6 29. hxg5 hxg5 30. f3 a4 31. e4 Nh7 32. e5 Rb3 33. Re1 Qe8 34.
Nh6+ Kf8 35. Ng4 Qc6 36. Qc2 Kg7 37. Qf5 Ra6 38. e6 fxe6 39. Qe5+ Kg6 40. Qh8
Qc7 41. Qe8+ Kg7 42. Rxe6 Rxe6 43. Qxe6 Rb6 44. Qxd5 Rxb2 45. Ne3 c3 46. Nf5+
Kf8 47. Rxa4 Nf6 48. Ra8+ Ne8 49. Nd6 Rb8 50. Rxb8 1-0

[Event "Ahuntsic"]
[Site "Montreal CAN"]
[Date "2010.11.13"]
[Round "1"]
[White "Barbeau, Sylvain"]
[Black "Luo, Zhao Yang"]
[Result "1-0"]
[WhiteElo "2283"]
[BlackElo "1763"]
[PlyCount "95"]
[EventDate "2010.11.13"]
[EventType "swiss (rapid)"]
[EventRounds "5"]
[EventCountry "CAN"]

1. Nf3 Nf6 2. g3 g6 3. b4 Bg7 4. Bb2 O-O 5. Bg2 d6 6. O-O c5 7. bxc5 dxc5 8. c4
Nc6 9. d3 Qc7 10. Nc3 a6 11. Qd2 Rd8 12. Ng5 Nd4 13. e3 Nc6 14. Nge4 Nb4 15.
Nxf6+ Bxf6 16. Nd5 Nxd5 17. cxd5 Qb6 18. Rab1 Bxb2 19. Rxb2 Qd6 20. a4 Rb8 21.
a5 Bd7 22. Rb6 Qc7 23. Qc3 Bb5 24. Rc1 Rbc8 25. e4 Rd6 26. Bh3 Bd7 27. Bxd7
Qxd7 28. Rcb1 Rxb6 29. Rxb6 Rc7 30. Kg2 Qa4 31. h4 c4 32. d6 exd6 33. Rxd6 Rc8
34. dxc4 Re8 35. e5 Re6 36. Rd5 h5 37. Qd4 Qc6 38. Kh2 Qc7 39. Rc5 Qe7 40. Kg2
Kg7 41. f4 b6 42. axb6 Qb7+ 43. Rd5 Qxb6 44. Qxb6 Rxb6 45. Rd3 a5 46. Kf3 a4
47. Ke4 Ra6 48. Ra3 1-0

[Event "Ahuntsic"]
[Site "Montreal CAN"]
[Date "2010.11.13"]
[Round "1"]
[White "Gueorguiev, Valentin"]
[Black "Robichaud, Louis"]
[Result "1-0"]
[WhiteElo "1656"]
[BlackElo "1882"]
[PlyCount "85"]
[EventDate "2010.11.13"]
[EventType "swiss (rapid)"]
[EventRounds "5"]
[EventCountry "CAN"]

1. Nf3 Nf6 2. g3 g6 3. c4 Bg7 4. Bg2 O-O 5. O-O d6 6. Nc3 e5 7. d3 Nc6 8. Rb1
a5 9. a3 h6 10. b4 axb4 11. axb4 Be6 12. h3 e4 13. Nd2 exd3 14. exd3 Qd7 15. h4
d5 16. Nb3 b6 17. b5 Na5 18. Nxa5 Rxa5 19. Qb3 dxc4 20. dxc4 Qd4 21. Nd5 Bxd5
22. cxd5 Rd8 23. Bb2 Qa4 24. Qc3 Ne8 25. Qd2 Rxb5 26. Bxg7 Kxg7 27. Rbd1 Qb4
28. Qe2 Kg8 29. Qe3 Qf8 30. Rfe1 Nd6 31. Rc1 Re8 32. Qd3 Rxe1+ 33. Rxe1 Rc5 34.
Ra1 Qg7 35. Ra7 Kh7 36. Ra8 Qe5 37. h5 Rc1+ 38. Bf1 Qxh5 39. Qd4 Rxf1+ 40. Kxf1
Qh3+ 41. Kg1 Nc8 42. Qf6 Qd7 43. d6 1-0

[Event "Ahuntsic"]
[Site "Montreal CAN"]
[Date "2010.11.13"]
[Round "2"]
[White "Robichaud, Louis"]
[Black "Cote-Lalumiere, Tristan"]
[Result "0-1"]
[WhiteElo "1882"]
[BlackElo "1689"]
[PlyCount "70"]
[EventDate "2010.11.13"]
[EventType "swiss (rapid)"]
[EventRounds "5"]
[EventCountry "CAN"]

1. e4 c5 2. Nc3 d6 3. g3 Nf6 4. Bg2 g6 5. d3 Bg7 6. f4 Nc6 7. Nf3 a6 8. O-O O-O
9. h3 b5 10. e5 Nh5 11. Ne2 dxe5 12. Nxe5 Bxe5 13. fxe5 Bb7 14. Bh6 Ng7 15. Qd2
Qc7 16. Bxg7 Kxg7 17. e6 f6 18. Qe3 Ne5 19. Nf4 Bxg2 20. Kxg2 Qd6 21. Rae1 Rfd8
22. g4 c4 23. g5 cxd3 24. cxd3 Nxd3 25. gxf6+ exf6 26. Nxd3 Qxd3 27. Qf2 Qd4
28. Re3 Qd2 29. Re2 Qg5+ 30. Kh2 Re8 31. h4 Qf5 32. Qxf5 gxf5 33. Rxf5 Re7 34.
Rg2+ Kh8 35. Rxf6 Rae8 0-1

[Event "Ahuntsic"]
[Site "Montreal CAN"]
[Date "2010.11.13"]
[Round "2"]
[White "Sarrazin-Gendron, Roman"]
[Black "Barbeau, Sylvain"]
[Result "0-1"]
[WhiteElo "1813"]
[BlackElo "2283"]
[PlyCount "70"]
[EventDate "2010.11.13"]
[EventType "swiss (rapid)"]
[EventRounds "5"]
[EventCountry "CAN"]

1. Nf3 Nf6 2. c4 g6 3. Nc3 d5 4. e3 Bg7 5. b3 O-O 6. Bb2 c6 7. Be2 Bg4 8. O-O
Nbd7 9. d4 Ne4 10. cxd5 Nxc3 11. Bxc3 cxd5 12. Ne5 Bxe2 13. Qxe2 Nxe5 14. dxe5
Qd7 15. Rfd1 Rfc8 16. Qb2 e6 17. e4 Qc7 18. Rac1 dxe4 19. Rd4 Bh6 20. Rc2 e3
21. f4 b5 22. Kf1 Bf8 23. b4 a5 24. a3 axb4 25. axb4 Ra6 26. Ke2 Rc6 27. Kd3
Rc4 28. Rxc4 Qxc4+ 29. Kxe3 Bxb4 30. Kd2 Qxf4+ 31. Kd1 Qf1+ 32. Kd2 Qxg2+ 33.
Ke3 Qxc2 34. Qxc2 Rxc3+ 35. Qxc3 Bxc3 0-1

[Event "Ahuntsic"]
[Site "Montreal CAN"]
[Date "2010.11.13"]
[Round "3"]
[White "Barbeau, Sylvain"]
[Black "Bolduc, Steve"]
[Result "1-0"]
[WhiteElo "2283"]
[BlackElo "2116"]
[PlyCount "76"]
[EventDate "2010.11.13"]
[EventType "swiss (rapid)"]
[EventRounds "5"]
[EventCountry "CAN"]

1. Nf3 Nf6 2. g3 b6 3. Bg2 Bb7 4. O-O e6 5. c4 c5 6. Nc3 d6 7. Re1 Nbd7 8. e4
Rc8 9. b3 a6 10. Bb2 Be7 11. d4 cxd4 12. Nxd4 Qc7 13. Rc1 O-O 14. Qd2 Rfe8 15.
h3 Qb8 16. g4 h6 17. f4 Bd8 18. Nde2 Bc6 19. Rcd1 Bc7 20. Ng3 b5 21. cxb5 axb5
22. Nce2 d5 23. e5 Nh7 24. Nd4 Bb6 25. Kh1 Bc5 26. Nxc6 Rxc6 27. f5 Qc7 28. Re2
Be7 29. f6 Bf8 30. fxg7 Bxg7 31. Nh5 Rc8 32. Nxg7 Kxg7 33. Rf1 Rc2 34. Qe3 Rxe2
35. Qxe2 Qc2 36. Qxb5 Nc5 37. Bd4 Rc7 38. Bxc5 Rxc5 1-0

[Event "Ahuntsic"]
[Site "Montreal CAN"]
[Date "2010.11.13"]
[Round "5"]
[White "Voskanyan, Vahagn"]
[Black "Barbeau, Sylvain"]
[Result "0-1"]
[WhiteElo "2271"]
[BlackElo "2283"]
[PlyCount "52"]
[EventDate "2010.11.13"]
[EventType "swiss (rapid)"]
[EventRounds "5"]
[EventCountry "CAN"]

1. c4 Nf6 2. Nc3 d5 3. cxd5 Nxd5 4. g3 g6 5. Bg2 Nb6 6. Nf3 Bg7 7. O-O Nc6 8.
d3 O-O 9. Be3 h6 10. Rc1 e5 11. Ne4 Nd4 12. Nc5 c6 13. Bxd4 exd4 14. Nd2 Re8
15. h3 h5 16. Rc2 h4 17. g4 Nd5 18. Bxd5 Qxd5 19. b4 f5 20. g5 b6 21. Ncb3 f4
22. Ne4 Bxh3 23. Kh2 Bxf1 24. Qxf1 Rxe4 25. dxe4 Qxe4 26. Rc1 Re8 0-1

[Event "Albert Boxer mem"]
[Site "Winnipeg CAN"]
[Date "2010.05.14"]
[Round "1"]
[White "Araullo, Paolo"]
[Black "Green, Aaron"]
[Result "0-1"]
[WhiteElo "2187"]
[BlackElo "1959"]
[PlyCount "65"]
[EventDate "2010.05.14"]
[EventType "swiss"]
[EventRounds "5"]
[EventCountry "CAN"]

1. e4 c5 2. Nf3 d6 3. d4 cxd4 4. Nxd4 Nf6 5. Nc3 g6 6. Be3 Bg7 7. f3 Nc6 8. Qd2
O-O 9. O-O-O d5 10. Nxc6 bxc6 11. e5 Nd7 12. f4 Qa5 13. Kb1 e6 14. g4 Re8 15.
h4 a6 16. g5 Rb8 17. Ne2 Qc7 18. Ng3 Nxe5 19. fxe5 Bxe5 20. c3 Bxg3 21. h5 Be5
22. Bd3 c5 23. Qc2 Bb7 24. Rh3 c4 25. Be2 Bc6 26. hxg6 fxg6 27. Bd4 Re7 28. Bg4
Bxd4 29. cxd4 Qf4 30. Rh4 Qxg5 31. Qh2 Rbb7 32. Rg1 Qe3 33. Bh5 0-1

[Event "Albert Boxer mem"]
[Site "Winnipeg CAN"]
[Date "2010.05.14"]
[Round "1"]
[White "Kaptsan, Aron"]
[Black "Lipnowski, Samuel"]
[Result "0-1"]
[WhiteElo "2004"]
[BlackElo "2220"]
[PlyCount "112"]
[EventDate "2010.05.14"]
[EventType "swiss"]
[EventRounds "5"]
[EventCountry "CAN"]

1. d4 Nf6 2. Nf3 g6 3. Nbd2 d5 4. e3 Bg7 5. b4 O-O 6. Bb2 Bf5 7. Be2 Nbd7 8.
O-O c6 9. c4 Re8 10. cxd5 cxd5 11. Qb3 Rc8 12. Rfc1 Nb6 13. a4 Bg4 14. h3 Bxf3
15. Bxf3 e6 16. a5 Rxc1+ 17. Rxc1 Nc8 18. Qc3 Bf8 19. e4 dxe4 20. Bxe4 Nd5 21.
Bxd5 Qxd5 22. Qc4 Nd6 23. Qxd5 exd5 24. Kf1 Nb5 25. a6 bxa6 26. Ra1 Bxb4 27.
Nb3 Re6 28. Nc5 Bxc5 29. dxc5 d4 30. Rd1 Rc6 31. Bxd4 Nxd4 32. Rxd4 Rxc5 33.
Rd7 Rc2 34. Rxa7 Ra2 35. g3 Kg7 36. Kg2 Kf6 37. Kf3 Ke6 38. h4 h5 39. Ke3 f6
40. Ke4 Ra4+ 41. Ke3 Kf5 42. f3 Ra3+ 43. Kf2 Ra2+ 44. Ke3 Ra1 45. Rg7 a5 46.
g4+ hxg4 47. fxg4+ Kxg4 48. Rxg6+ Kf5 49. Rg8 a4 50. Kf3 Rh1 51. Rh8 a3 52. Ra8
Rh3+ 53. Kg2 Rb3 54. Ra6 Kg4 55. h5 Rb2+ 56. Kf1 a2 0-1

[Event "Albert Boxer mem"]
[Site "Winnipeg CAN"]
[Date "2010.05.14"]
[Round "1"]
[White "Raihman, Igal"]
[Black "Lipic, Stephen"]
[Result "1-0"]
[WhiteElo "2036"]
[BlackElo "1832"]
[PlyCount "49"]
[EventDate "2010.05.14"]
[EventType "swiss"]
[EventRounds "5"]
[EventCountry "CAN"]

1. e4 c6 2. d4 Na6 3. Nc3 Nc7 4. Bf4 Ne6 5. Bg3 d5 6. Nf3 Nf6 7. Qd3 g6 8. Be5
Bg7 9. Bxf6 Bxf6 10. exd5 Nf4 11. Qe3 Nxd5 12. Nxd5 Qxd5 13. Be2 Bf5 14. c3 O-O
15. O-O Rfe8 16. Ne5 Bxe5 17. dxe5 f6 18. g4 Bd7 19. Rfd1 Qe6 20. Qd4 Kg7 21.
exf6+ Kh6 22. g5+ Kxg5 23. h4+ Kh6 24. Qf4+ g5 25. Qxg5# 1-0

[Event "Albert Boxer mem"]
[Site "Winnipeg CAN"]
[Date "2010.05.15"]
[Round "2"]
[White "Dawa, Arvin"]
[Black "Boron, Anthony"]
[Result "1-0"]
[WhiteElo "2135"]
[BlackElo "2009"]
[PlyCount "63"]
[EventDate "2010.05.14"]
[EventType "swiss"]
[EventRounds "5"]
[EventCountry "CAN"]

1. d4 d5 2. Nf3 Nf6 3. Bg5 Ne4 4. Bf4 c5 5. e3 Qb6 6. Qc1 cxd4 7. exd4 Nc6 8.
c3 Bf5 9. Nbd2 Rc8 10. Be3 e6 11. Be2 Be7 12. O-O h6 13. Nxe4 Bxe4 14. Qd2 Qc7
15. Rfc1 a6 16. Qd1 Bd6 17. h3 Bf4 18. Bxf4 Qxf4 19. Qb3 Bxf3 20. Bxf3 O-O 21.
Re1 Rc7 22. Be2 Rfc8 23. Rad1 Na5 24. Qb4 Nc6 25. Qb6 Nd8 26. Bd3 Rc6 27. Qb3
Qc7 28. Qxd5 Rb6 29. Rd2 Rxb2 30. Rxb2 Qxc3 31. Qd7 Qxe1+ 32. Kh2 1-0

[Event "Albert Boxer mem"]
[Site "Winnipeg CAN"]
[Date "2010.05.15"]
[Round "2"]
[White "Green, Aaron"]
[Black "Melamedoff, Gustavo"]
[Result "0-1"]
[WhiteElo "1959"]
[BlackElo "1988"]
[PlyCount "88"]
[EventDate "2010.05.14"]
[EventType "swiss"]
[EventRounds "5"]
[EventCountry "CAN"]

1. e4 e5 2. Nf3 Nc6 3. Bb5 a6 4. Bxc6 dxc6 5. O-O Bg4 6. h3 Bh5 7. d3 Qf6 8.
Be3 Bxf3 9. Qxf3 Qxf3 10. gxf3 Bd6 11. Nd2 Ne7 12. Nc4 Ng6 13. Nxd6+ cxd6 14.
Kh2 O-O-O 15. c3 Rhg8 16. Rg1 Rde8 17. b4 Re6 18. Bg5 f6 19. Be3 Nh4 20. Kg3 g5
21. a4 Ng6 22. Kh2 h5 23. b5 Re7 24. bxc6 bxc6 25. Rab1 Rb7 26. Rxb7 Kxb7 27.
Rb1+ Kc7 28. c4 Rb8 29. Rxb8 Kxb8 30. a5 c5 31. Kg2 Nf8 32. Kf1 Ne6 33. Ke2 Kc7
34. Kd2 Nd8 35. Ke2 Nc6 36. Bd2 Nd4+ 37. Ke3 Kd7 38. Bc3 Ne6 39. f4 Nxf4 40.
Bd2 Nxh3 41. Kf3 Ke6 42. Kg2 Nf4+ 43. Bxf4 exf4 44. Kf3 Ke5 0-1

[Event "Albert Boxer mem"]
[Site "Winnipeg CAN"]
[Date "2010.05.15"]
[Round "2"]
[White "Lipic, Stephen"]
[Black "Kaptsan, Aron"]
[Result "1-0"]
[WhiteElo "1832"]
[BlackElo "2004"]
[PlyCount "85"]
[EventDate "2010.05.14"]
[EventType "swiss"]
[EventRounds "5"]
[EventCountry "CAN"]

1. e4 e5 2. Nf3 Nc6 3. g3 Nf6 4. d3 Be7 5. Bg2 O-O 6. O-O d6 7. h3 Ne8 8. Kh2
f5 9. Nc3 fxe4 10. dxe4 Be6 11. Nd5 Qd7 12. Nxe7+ Nxe7 13. b3 Kh8 14. Ng5 Bg8
15. f4 h6 16. Nf3 exf4 17. gxf4 Qe6 18. Qd3 Nf6 19. Nd4 Qf7 20. e5 Bh7 21. Qe2
Nfd5 22. Bd2 dxe5 23. fxe5 Qg6 24. c4 Nb6 25. Rg1 Qd3 26. Qxd3 Bxd3 27. Bxb7
Rab8 28. Bg2 Rfe8 29. Bc3 c5 30. Nc6 Nxc6 31. Bxc6 Re7 32. Rad1 Bf5 33. Rdf1
Be6 34. Rf2 Rd8 35. Rgf1 g6 36. Be4 Kh7 37. Rg1 Rg8 38. Rf6 Bf7 39. e6 Be8 40.
Bc2 Reg7 41. h4 Nc8 42. h5 Ne7 43. Rf2 1-0

[Event "Albert Boxer mem"]
[Site "Winnipeg CAN"]
[Date "2010.05.15"]
[Round "2"]
[White "Lipnowski, Samuel"]
[Black "Raihman, Igal"]
[Result "1-0"]
[WhiteElo "2220"]
[BlackElo "2036"]
[PlyCount "71"]
[EventDate "2010.05.14"]
[EventType "swiss"]
[EventRounds "5"]
[EventCountry "CAN"]

1. d4 d5 2. c4 e6 3. Nc3 Nf6 4. Nf3 Be7 5. Bf4 O-O 6. a3 c6 7. e3 Nbd7 8. h3
Re8 9. Qc2 Nf8 10. Bd3 Bd6 11. Bxd6 Qxd6 12. c5 Qc7 13. O-O N8d7 14. e4 e5 15.
dxe5 Nxe5 16. Nxe5 Qxe5 17. exd5 cxd5 18. Rae1 Qh5 19. Rxe8+ Nxe8 20. Qe2 Qxe2
21. Nxe2 Bd7 22. Nd4 Nc7 23. b4 Ne6 24. Nf5 Nf4 25. Bb1 a5 26. Nd6 axb4 27.
axb4 Ra4 28. b5 Rb4 29. Re1 g6 30. b6 Bc6 31. Ba2 Rb2 32. Bb1 Ne6 33. Rc1 Nxc5
34. Nc8 Kf8 35. Bxg6 hxg6 36. Rxc5 1-0

[Event "Albert Boxer mem"]
[Site "Winnipeg CAN"]
[Date "2010.05.15"]
[Round "3"]
[White "Boron, Anthony"]
[Black "Lipic, Stephen"]
[Result "0-1"]
[WhiteElo "2009"]
[BlackElo "1832"]
[PlyCount "48"]
[EventDate "2010.05.14"]
[EventType "swiss"]
[EventRounds "5"]
[EventCountry "CAN"]

1. Nf3 d5 2. d4 c6 3. c4 e6 4. Nc3 f5 5. e3 Nf6 6. Be2 Bd6 7. O-O Nbd7 8. b3
O-O 9. Bb2 Qe8 10. cxd5 exd5 11. Qc2 Ne4 12. a3 Ndf6 13. b4 g5 14. b5 g4 15.
Nxe4 fxe4 16. Ne5 cxb5 17. Qb3 a6 18. Rac1 Be6 19. Qd1 Qh5 20. h3 Qg5 21. Bxg4
Nxg4 22. Nxg4 h5 23. f4 exf3 24. gxf3 hxg4 0-1

[Event "Albert Boxer mem"]
[Site "Winnipeg CAN"]
[Date "2010.05.15"]
[Round "3"]
[White "Dawa, Arvin"]
[Black "Lipnowski, Samuel"]
[Result "1/2-1/2"]
[WhiteElo "2135"]
[BlackElo "2220"]
[PlyCount "23"]
[EventDate "2010.05.14"]
[EventType "swiss"]
[EventRounds "5"]
[EventCountry "CAN"]

1. d4 Nf6 2. Nf3 g6 3. c4 Bg7 4. Nc3 d5 5. e3 O-O 6. Be2 c6 7. O-O Nbd7 8. cxd5
cxd5 9. Qb3 Nb6 10. a4 e6 11. a5 Nbd7 12. Rd1 1/2-1/2

[Event "Albert Boxer mem"]
[Site "Winnipeg CAN"]
[Date "2010.05.15"]
[Round "3"]
[White "Melamedoff, Gustavo"]
[Black "Perfecto, Joven"]
[Result "0-1"]
[WhiteElo "1988"]
[BlackElo "1893"]
[PlyCount "50"]
[EventDate "2010.05.14"]
[EventType "swiss"]
[EventRounds "5"]
[EventCountry "CAN"]

1. a3 d5 2. e3 e5 3. b4 a6 4. Bb2 Bd6 5. c4 dxc4 6. Bxc4 Nf6 7. Nc3 c6 8. d4
exd4 9. Qxd4 O-O 10. Rd1 Bc7 11. Qh4 Qe7 12. Nf3 Bf5 13. O-O Nbd7 14. e4 Bg4
15. e5 Nxe5 16. Rfe1 Bxf3 17. Rd3 Rfe8 18. Kf1 Bd5 19. Bxd5 Nxd5 20. Qd4 Qf6
21. Ne4 Qg6 22. Rg3 Ng4 23. Nd6 Nxh2+ 24. Kg1 Rxe1+ 25. Kxh2 Bxd6 0-1

[Event "Albert Boxer mem"]
[Site "Winnipeg CAN"]
[Date "2010.05.16"]
[Round "4"]
[White "Green, Aaron"]
[Black "Kaptsan, Aron"]
[Result "1/2-1/2"]
[WhiteElo "1959"]
[BlackElo "2004"]
[PlyCount "78"]
[EventDate "2010.05.14"]
[EventType "swiss"]
[EventRounds "5"]
[EventCountry "CAN"]

1. e4 e5 2. Nf3 Nc6 3. Bb5 a6 4. Bxc6 dxc6 5. O-O Bg4 6. h3 Bxf3 7. Qxf3 c5 8.
d3 Qf6 9. Qxf6 Nxf6 10. Be3 Bd6 11. Nd2 O-O-O 12. a4 Nd7 13. Nc4 f6 14. c3 Rhe8
15. Rab1 Nf8 16. b4 cxb4 17. cxb4 Ne6 18. g3 Bf8 19. Rb3 Rd7 20. Rc1 Kb8 21.
Kf1 Red8 22. Ke2 Nd4+ 23. Bxd4 Rxd4 24. b5 axb5 25. axb5 b6 26. f4 exf4 27.
gxf4 Kb7 28. Ra1 Ra8 29. Rxa8 Kxa8 30. Rb1 Kb7 31. f5 g6 32. fxg6 hxg6 33. Rf1
Be7 34. Kd2 Rd8 35. Kc2 Rh8 36. Rf3 c6 37. bxc6+ Kxc6 38. d4 b5 39. Ne3 Rh4
1/2-1/2

[Event "Albert Boxer mem"]
[Site "Winnipeg CAN"]
[Date "2010.05.16"]
[Round "4"]
[White "Lipic, Stephen"]
[Black "Dawa, Arvin"]
[Result "0-1"]
[WhiteElo "1832"]
[BlackElo "2135"]
[PlyCount "104"]
[EventDate "2010.05.14"]
[EventType "swiss"]
[EventRounds "5"]
[EventCountry "CAN"]

1. f4 d5 2. Nf3 Nf6 3. d3 c5 4. c3 Bg4 5. Ne5 Bd7 6. Nd2 Nc6 7. Nxd7 Nxd7 8.
Qc2 e5 9. f5 Qg5 10. e4 dxe4 11. dxe4 Qh4+ 12. g3 Qe7 13. Nc4 Nb6 14. Ne3 Rd8
15. Bd2 g6 16. O-O-O Bh6 17. Ng4 Bxd2+ 18. Rxd2 Qg5 19. Be2 h5 20. h4 Qxd2+ 21.
Qxd2 Rxd2 22. Kxd2 hxg4 23. fxg6 fxg6 24. b3 Nd7 25. Ke3 Nf6 26. Rd1 Ke7 27.
Rf1 Nd8 28. Rd1 Nf7 29. Rd2 Rd8 30. Rb2 Nd6 31. Bd3 Nh5 32. Rg2 a6 33. Be2 Nf6
34. Bd3 b5 35. Rf2 c4 36. Bc2 Rc8 37. b4 a5 38. a3 axb4 39. axb4 Ra8 40. Rd2
Ra3 41. Re2 Rxc3+ 42. Kf2 Nh5 43. Kg2 Rxg3+ 44. Kh2 Rh3+ 45. Kg1 Rxh4 46. Rf2
Nf4 47. Rd2 g3 48. Bd1 Nxe4 49. Bh5 Nxd2 50. Bd1 g2 51. Bf3 Rh1+ 52. Kf2 g1=Q#
0-1

[Event "Albert Boxer mem"]
[Site "Winnipeg CAN"]
[Date "2010.05.16"]
[Round "4"]
[White "Lipnowski, Samuel"]
[Black "Perfecto, Joven"]
[Result "1-0"]
[WhiteElo "2220"]
[BlackElo "1893"]
[PlyCount "139"]
[EventDate "2010.05.14"]
[EventType "swiss"]
[EventRounds "5"]
[EventCountry "CAN"]

1. d4 Nf6 2. c4 g6 3. Nc3 Bg7 4. e4 d6 5. Nf3 O-O 6. Be2 e5 7. O-O Nc6 8. d5
Ne7 9. b4 a6 10. c5 Ne8 11. Ba3 f5 12. Ng5 Kh8 13. Qb3 Nxd5 14. Nxd5 Qxg5 15.
cxd6 cxd6 16. Nb6 Nf6 17. Nxa8 Nxe4 18. Qe3 Qh4 19. Nb6 Be6 20. Bc4 Bxc4 21.
Nxc4 d5 22. Na5 b5 23. Bb2 d4 24. Qd3 Nd6 25. Rad1 f4 26. Qh3 Qg5 27. Nb3 Nf5
28. Nc5 Qe7 29. Rfe1 Qd6 30. a3 g5 31. Qh5 h6 32. Ne4 Qd8 33. Qg6 Nh4 34. Qe6
Qa8 35. Rc1 f3 36. Qc6 Qa7 37. g3 Nf5 38. Nc5 Rf6 39. Qb7 Qxb7 40. Nxb7 Rf7 41.
Nc5 Nd6 42. Rcd1 Ra7 43. Ne6 Nc4 44. Bc1 Re7 45. Nxd4 Rf7 46. Ne6 Bf6 47. Nc5
Ra7 48. Rd7 Ra8 49. Rf7 Bg7 50. Rxf3 a5 51. Ne6 axb4 52. axb4 Ra1 53. Nxg7 Kxg7
54. Rd3 Kg6 55. Bd2 Ra2 56. Bc3 Ra3 57. Rc1 Kf5 58. Rd5 Ra2 59. Re1 Ra4 60.
Bxe5 Kg4 61. Rxb5 Nd2 62. Kg2 Ra2 63. h3+ Kh5 64. g4+ Kg6 65. Rb6+ Kf7 66. Rxh6
Nc4 67. Rf6+ Ke7 68. Bd4+ Kd7 69. Bc5 Rc2 70. Re7+ 1-0

[Event "Albert Boxer mem"]
[Site "Winnipeg CAN"]
[Date "2010.05.16"]
[Round "4"]
[White "Melamedoff, Gustavo"]
[Black "Raihman, Igal"]
[Result "1-0"]
[WhiteElo "1988"]
[BlackElo "2036"]
[PlyCount "82"]
[EventDate "2010.05.14"]
[EventType "swiss"]
[EventRounds "5"]
[EventCountry "CAN"]

1. a3 c5 2. b4 e5 3. Bb2 Qf6 4. Nf3 Nc6 5. b5 Nd4 6. e3 Nxf3+ 7. Qxf3 Qe6 8.
Nc3 Nf6 9. Ne4 d5 10. Ng5 Qe7 11. Qg3 Nh5 12. Qh4 g6 13. f4 Bg7 14. Be2 h6 15.
Nf3 Bf6 16. Qf2 exf4 17. Bxf6 Qxf6 18. O-O O-O 19. Nh4 Ng7 20. exf4 Re8 21.
Rae1 Re4 22. d3 Ra4 23. c4 d4 24. Ra1 a6 25. Bd1 Ra5 26. a4 axb5 27. cxb5 Rxb5
28. Nxg6 fxg6 29. axb5 Rxa1 30. Bb3+ Be6 31. Bxe6+ Nxe6 32. Rxa1 Qxf4 33. Qa2
Qe3+ 34. Kh1 Kg7 35. Qd5 b6 36. Rf1 h5 37. Qb7+ Kh6 38. Qxb6 Qxd3 39. Re1 Nf4
40. Qxc5 Qd2 41. Qf8+ Kh7 1-0

[Event "Albert Boxer mem"]
[Site "Winnipeg CAN"]
[Date "2010.05.16"]
[Round "5"]
[White "Boron, Anthony"]
[Black "Green, Aaron"]
[Result "1-0"]
[WhiteElo "2009"]
[BlackElo "1959"]
[PlyCount "79"]
[EventDate "2010.05.14"]
[EventType "swiss"]
[EventRounds "5"]
[EventCountry "CAN"]

1. d4 Nf6 2. Nf3 g6 3. Nc3 d5 4. Bf4 Bg7 5. e3 O-O 6. Be2 c6 7. Ne5 Nbd7 8. h4
Nxe5 9. Bxe5 b5 10. Bf3 e6 11. a3 a5 12. h5 Ne8 13. hxg6 fxg6 14. Bxg7 Kxg7 15.
Qd2 Rf7 16. e4 Qb6 17. Ne2 Nd6 18. e5 Nb7 19. Ng3 Qc7 20. Qg5 Kf8 21. Qh6+ Kg8
22. Bg4 c5 23. c3 a4 24. Ne2 Rg7 25. Nf4 Qf7 26. O-O Bd7 27. Rae1 Rf8 28. Nxd5
exd5 29. e6 Qf6 30. exd7 Re7 31. Rxe7 Qxe7 32. Qh3 Rf6 33. dxc5 Qxc5 34. Qg3
Nd8 35. Re1 Rf8 36. Qe3 Qc7 37. Be6+ Nxe6 38. Qxe6+ Kg7 39. Qe7+ Rf7 40. d8=Q
1-0

[Event "Albert Boxer mem"]
[Site "Winnipeg CAN"]
[Date "2010.05.16"]
[Round "5"]
[White "Perfecto, Joven"]
[Black "Lipic, Stephen"]
[Result "1/2-1/2"]
[WhiteElo "1893"]
[BlackElo "1832"]
[PlyCount "129"]
[EventDate "2010.05.14"]
[EventType "swiss"]
[EventRounds "5"]
[EventCountry "CAN"]

1. e4 e6 2. d4 f5 3. exf5 Nf6 4. Nf3 exf5 5. Bd3 d6 6. O-O Be7 7. Bg5 O-O 8.
Nc3 Nc6 9. Re1 Bd7 10. Nh4 Qc8 11. Bc4+ Kh8 12. d5 Ne5 13. Bb3 Ng8 14. Bxe7
Nxe7 15. f4 N5g6 16. Nf3 Ng8 17. Qd4 Nf6 18. Ng5 h6 19. Nf3 Re8 20. Rxe8+ Qxe8
21. Re1 Qf7 22. g3 Re8 23. Qd2 Rxe1+ 24. Qxe1 Ne7 25. Nh4 Ng6 26. Nf3 Ne7 27.
Qd2 Neg8 28. Qd3 Qe8 29. Qd4 b6 30. Nh4 Qe1+ 31. Kg2 Ng4 32. Ng6+ Kh7 33. Nf8+
Kh8 34. Nxd7 Ne3+ 35. Kh3 Qf1+ 36. Kh4 Ng2+ 37. Kh5 Ne7 38. Qd3 Nxf4+ 39. gxf4
Qxf4 40. Qg3 g6+ 41. Qxg6 Nxg6 42. Kxg6 Qxh2 43. Nf6 f4 44. Nce4 f3 45. Ng4 Qf4
46. Ngf2 Kg8 47. Bc4 Kf8 48. Bd3 h5 49. Kxh5 Qe5+ 50. Kg4 Qxd5 51. b3 Qd4 52.
Kxf3 d5 53. Ng3 c5 54. Ne2 Qb2 55. a4 Qa3 56. Bf5 Ke7 57. Ng4 c4 58. Nd4 Qc5
59. Ne5 cxb3 60. cxb3 Qc3+ 61. Ke2 Qb2+ 62. Bc2 a5 63. Kd3 Qc1 64. Nec6+ Kd6
65. Ke2 1/2-1/2

[Event "Albert Boxer mem"]
[Site "Winnipeg CAN"]
[Date "2010.05.16"]
[Round "5"]
[White "Raihman, Igal"]
[Black "Dawa, Arvin"]
[Result "0-1"]
[WhiteElo "2036"]
[BlackElo "2135"]
[PlyCount "96"]
[EventDate "2010.05.14"]
[EventType "swiss"]
[EventRounds "5"]
[EventCountry "CAN"]

1. e4 c6 2. d4 d5 3. Nd2 dxe4 4. Nxe4 Nd7 5. Nf3 Ngf6 6. Bd3 Nxe4 7. Bxe4 Nf6
8. Bd3 Bg4 9. c3 e6 10. Bg5 Be7 11. Qc2 Bxf3 12. gxf3 h6 13. Bd2 b5 14. Rg1 Kf8
15. O-O-O Qd5 16. Kb1 Qxf3 17. Rg3 Qh5 18. Rdg1 g5 19. f4 Bd6 20. fxg5 Bxg3 21.
Rxg3 hxg5 22. Bxg5 Nd5 23. h4 Rg8 24. Be2 Qh8 25. c4 bxc4 26. Qxc4 Rc8 27. Qc5+
Ke8 28. Bb5 Kd7 29. Ba4 Rc7 30. Rf3 f6 31. a3 Qh7+ 32. Bc2 Qh5 33. Rxf6 Nxf6
34. Bxf6 Qxc5 35. dxc5 Rg1+ 36. Ka2 Rh1 37. Bg6 Rc8 38. h5 Rf8 39. Bg7 Rg8 40.
Bc3 Rg1 41. Bf7 R8g5 42. Bg6 Rxg6 43. hxg6 Rxg6 44. Kb3 Rg5 45. Kc4 e5 46. b4
Ke6 47. a4 Rg4+ 48. Kd3 Kd5 0-1

[Event "Alberta op"]
[Site "Calgary CAN"]
[Date "2010.10.09"]
[Round "1.2"]
[White "Gardner, Robert"]
[Black "Harris, Adam"]
[Result "1-0"]
[WhiteElo "2345"]
[BlackElo "1859"]
[PlyCount "63"]
[EventDate "2010.10.09"]
[EventType "swiss"]
[EventRounds "6"]
[EventCountry "CAN"]

1. d4 Nf6 2. c4 g6 3. Nc3 Bg7 4. e4 O-O 5. Nf3 d6 6. h3 c5 7. d5 Nbd7 8. Bg5 h6
9. Be3 Qa5 10. Qd2 Kh7 11. g4 Ne8 12. Bd3 Ne5 13. Nxe5 dxe5 14. O-O Nd6 15. f4
exf4 16. Bxf4 Qb4 17. Qe2 Bd4+ 18. Kh1 f6 19. e5 Nf7 20. e6 Ne5 21. Bxe5 Bxe5
22. Qxe5 fxe5 23. Rxf8 Qxb2 24. Raf1 Bxe6 25. Rxa8 Bg8 26. Ne4 Qd4 27. Rf3 h5
28. gxh5 Qa1+ 29. Kg2 Qb2+ 30. Nf2 Qd2 31. Bxg6+ Kg7 32. Rg3 1-0